[Event "London Classic Open 2019"]
[Site "London ENG"]
[Date "2019.12.06"]
[Round "9.4"]
[White "Arkell, Keith C"]
[Black "Moussard, Jules"]
[Result "0-1"]
[WhiteTitle "GM"]
[BlackTitle "GM"]
[WhiteElo "2445"]
[BlackElo "2600"]
[WhiteFideId "400270"]
[BlackFideId "642908"]
[EventDate "2019.11.29"]

1. d4 Nf6 2. Nf3 e6 3. c4 c5 4. d5 d6 5. Nc3 exd5 6. cxd5 g6 7. g3 Bg7 8. Bg2
O-O 9. O-O Re8 10. Nd2 a6 11. a4 Nbd7 12. Nc4 Ne5 13. Nxe5 Rxe5 14. Bf4 Re8 15.
Qc2 Ng4 16. h3 Ne5 17. b3 f5 18. Qd2 Bd7 19. a5 b5 20. axb6 Qxb6 21. Rfb1 Nf7
22. Qc2 Re7 23. Bd2 Rae8 24. e3 Ng5 25. h4 Ne4 26. Nxe4 fxe4 27. Bc3 Bb5 28.
Bxg7 Bd3 29. Qc3 Rxg7 30. Rb2 h5 31. Bh3 Rf8 32. f4 Rb7 33. Kf2 Qb4 34. Qc1 c4
35. Ra4 Qb5 36. Qc3 cxb3 37. Ra3 Bc4 38. Ra5 Qb6 39. Bf1 Bxf1 40. Kxf1 Rfb8 41.
Ra3 Qb5+ 42. Ke1 Qxd5 43. Rxa6 Qe6 44. Rc6 Qh3 45. Kd2 Qg2+ 46. Kc1 Qf1+ 47. Kd2
Qf2+ 48. Kc1 Qxg3 49. Rc8+ Kf7 50. Rxb8 Rxb8 51. Rxb3 Qg1+ 52. Kb2 Qg2+ 53. Kc1
Rxb3 54. Qxb3+ Ke7 55. Qb7+ Kf6 56. Qc8 Qf1+ 57. Kb2 Qe2+ 58. Ka1 Qxe3 59. Qf8+
Ke6 60. Qe8+ Kd5 61. Qf7+ Kd4 62. Qxg6 Kc3 63. Qg7+ Qd4 0-1

[Event "London Classic Open 2019"]
[Site "London ENG"]
[Date "2019.12.06"]
[Round "9.5"]
[White "Merry, Alan B"]
[Black "Maze, Sebastien"]
[Result "0-1"]
[WhiteTitle "IM"]
[BlackTitle "GM"]
[WhiteElo "2426"]
[BlackElo "2541"]
[WhiteFideId "418811"]
[BlackFideId "613762"]
[EventDate "2019.11.29"]

1. c4 e5 2. Nc3 Nf6 3. Nf3 Nc6 4. e3 Bb4 5. Qc2 d6 6. a3 Bxc3 7. Qxc3 e4 8. Nd4
Ne5 9. b4 O-O 10. Bb2 Re8 11. h3 c5 12. bxc5 dxc5 13. Nb3 b6 14. Be2 Bb7 15. O-O
Nf3+ 16. Kh1 Qd6 17. Bxf3 exf3 18. g4 Rad8 19. Rad1 h5 20. Rg1 Qd7 21. Rg3 h4
22. Rgg1 Re6 23. Nc1 Rd6 24. d3 Be4 25. Rd2 Bg6 26. Qe5 Re8 27. Qf4 Ne4 28. Rc2
Qa4 29. dxe4 Rd1 30. Bxg7 Rxg1+ 31. Kxg1 Kxg7 32. Rd2 Qxc4 33. Rd1 Qc2 34. Qd6
Rxe4 35. Rf1 Rxe3 36. Qf4 Re6 37. Qxf3 Qe4 38. Qc3+ Qd4 39. Qf3 Rf6 40. Qa8 Be4
41. Qxa7 Rf3 0-1

[Event "London Classic Open 2019"]
[Site "London ENG"]
[Date "2019.12.06"]
[Round "9.9"]
[White "Gordon, Stephen J"]
[Black "Beinoras, Mindaugas"]
[Result "1/2-1/2"]
[WhiteTitle "GM"]
[BlackTitle "IM"]
[WhiteElo "2505"]
[BlackElo "2350"]
[WhiteFideId "411477"]
[BlackFideId "12802085"]
[EventDate "2019.11.29"]

1. d4 d5 2. c4 dxc4 3. e4 e5 4. Nf3 exd4 5. Bxc4 Bb4+ 6. Bd2 Bxd2+ 7. Nbxd2 Nc6
8. O-O Qf6 9. e5 Qg6 10. Nb3 Bh3 11. Nh4 Qg4 12. Qf3 Qxf3 13. Nxf3 Bg4 14. Ng5
Nh6 15. h3 Bd7 16. Rfe1 O-O-O 17. Bxf7 Bf5 18. e6 Ne7 19. Rad1 d3 20. g4 Bg6 21.
f4 Rd5 22. Bxg6 hxg6 23. Re3 Rf8 24. Rexd3 c6 25. Rxd5 Nxd5 26. Nc5 Ng8 27. Nd3
Nge7 28. Kh2 a5 29. Kg3 a4 30. a3 Kc7 31. Nb4 Kd6 32. Nxd5 cxd5 33. Re1 Kc5 34.
Rc1+ Kd6 35. Re1 Kc5 36. Nf3 Kd6 37. Nh4 Rf6 38. f5 gxf5 39. Nxf5+ Nxf5+ 40.
gxf5 Ke7 41. Re5 g6 42. Rxd5 gxf5 43. Re5 f4+ 44. Kf3 Rh6 45. Rb5 Rxh3+ 46. Kg4
Rd3 47. Rxb7+ Kxe6 48. Kxf4 Kd5 49. Ra7 Rb3 50. Rxa4 Rxb2 51. Rb4 Rxb4+ 52. axb4
Kc4 53. b5 Kxb5 1/2-1/2

[Event "London Classic Open 2019"]
[Site "London ENG"]
[Date "2019.12.06"]
[Round "9.12"]
[White "Cox, John J"]
[Black "Kirk, Ezra"]
[Result "0-1"]
[WhiteTitle "IM"]
[BlackTitle "IM"]
[WhiteElo "2306"]
[BlackElo "2433"]
[WhiteFideId "401064"]
[BlackFideId "600067"]
[EventDate "2019.11.29"]

1. c4 e6 2. g3 d5 3. Nf3 Nf6 4. b3 d4 5. Bg2 c5 6. O-O Nc6 7. e3 Be7 8. exd4
cxd4 9. Re1 O-O 10. d3 Nd7 11. Ba3 Re8 12. Bxe7 Qxe7 13. Nbd2 Qf8 14. a3 a5 15.
Qc2 e5 16. Qb2 Nc5 17. Bf1 Bf5 18. Qc2 h6 19. Rab1 Na6 20. Ra1 Bh7 21. Bg2 Nc5
22. Ne4 Bxe4 23. dxe4 Rad8 24. Rab1 d3 25. Qd2 Nd4 26. Nxd4 Rxd4 27. Qxa5 d2 28.
Red1 Qd6 29. Rb2 Rd8 30. b4 Ne6 31. c5 Qe7 32. h4 g5 33. hxg5 Qxg5 34. Qb5 Rd3
35. Qc4 Qg4 36. Rbb1 Nd4 37. Qxd3 Ne2+ 38. Qxe2 Qxe2 39. b5 Qd3 40. Bf1 Qxa3 41.
Bc4 Qxc5 42. Bd5 Rxd5 43. exd5 Qc2 0-1

[Event "London Classic Open 2019"]
[Site "London ENG"]
[Date "2019.12.06"]
[Round "9.16"]
[White "Smith, Andrew Philip"]
[Black "Paterek, Michal"]
[Result "0-1"]
[WhiteTitle "FM"]
[BlackTitle "FM"]
[WhiteElo "2172"]
[BlackElo "2317"]
[WhiteFideId "2500833"]
[BlackFideId "1116142"]
[EventDate "2019.11.29"]

1. e4 c6 2. d4 d5 3. e5 Bf5 4. c4 e6 5. Nc3 Bb4 6. Ne2 dxc4 7. Ng3 b5 8. Nxf5
exf5 9. Be2 Ne7 10. O-O Nd7 11. Bf3 Nb6 12. Bg5 Rc8 13. Rc1 O-O 14. Ne2 h6 15.
Bxe7 Bxe7 16. b3 Qd7 17. a4 cxb3 18. axb5 cxb5 19. Qxb3 Nc4 20. Rc2 a5 21. Nc3
Na3 22. Rcc1 a4 23. Qd5 Qe6 24. Qb7 Rb8 25. Qa7 Bg5 26. Rcd1 Rfc8 27. Nd5 Nc2
28. h4 Bxh4 29. Nf4 Qe7 30. Qa5 Bg5 31. Nd5 Qd8 32. Qa7 a3 33. Rd3 Ra8 34. Qb7
a2 35. Bh5 a1=Q 36. Qxf7+ Kh8 37. f4 Qa7 38. Qg6 Qxd5 39. fxg5 Nxd4 40. gxh6
Ne2+ 0-1

[Event "London Classic Open 2019"]
[Site "London ENG"]
[Date "2019.12.06"]
[Round "9.17"]
[White "Pasztor, Balazs"]
[Black "Sowray, Peter J"]
[Result "1-0"]
[BlackTitle "FM"]
[WhiteElo "2166"]
[BlackElo "2316"]
[WhiteFideId "774723"]
[BlackFideId "400971"]
[EventDate "2019.11.29"]

1. e4 e5 2. Nf3 Nc6 3. Bc4 Nf6 4. d3 Be7 5. O-O O-O 6. Re1 d6 7. a4 Na5 8. Ba2
c5 9. c3 Nc6 10. Na3 h6 11. Bd2 a6 12. Nc4 Be6 13. Ne3 Re8 14. Bd5 Qc7 15. b4
cxb4 16. cxb4 Bxd5 17. exd5 Nd4 18. Nxd4 exd4 19. Nf5 Bf8 20. Nxd4 Rxe1+ 21.
Bxe1 Nxd5 22. Qf3 Nf6 23. Bd2 Re8 24. h3 d5 25. Rc1 Qe5 26. Nb3 Qb2 27. Qd1 Qe5
28. Qf3 Bd6 29. g3 Qb2 30. Qd1 Qe5 31. Kg2 Qe7 32. Nc5 a5 33. Qf3 axb4 34. Re1
Qc7 35. Rxe8+ Nxe8 36. Nb3 Nf6 37. Nd4 Be5 38. Nf5 b3 39. d4 Qc2 40. dxe5 b2 41.
exf6 Qxd2 42. Ne7+ Kh7 43. Qf5+ 1-0

[Event "London Classic Open 2019"]
[Site "London ENG"]
[Date "2019.12.06"]
[Round "9.22"]
[White "Walker, Martin G"]
[Black "Risting, Eivind Olav"]
[Result "1/2-1/2"]
[WhiteTitle "FM"]
[BlackTitle "FM"]
[WhiteElo "2162"]
[BlackElo "2298"]
[WhiteFideId "410969"]
[BlackFideId "1517333"]
[EventDate "2019.11.29"]

1. e4 c6 2. d4 d5 3. exd5 cxd5 4. c4 Nf6 5. Nc3 Nc6 6. Nf3 Be6 7. c5 g6 8. Bb5
Bg7 9. O-O O-O 10. Bxc6 bxc6 11. Qa4 Qc7 12. Re1 Bf5 13. Ne5 Rac8 14. Bf4 Qb7
15. Qb3 Qa6 16. h3 Ne4 17. Nxe4 dxe4 18. Qc3 f6 19. Qc4+ Qxc4 20. Nxc4 Rfd8 21.
Nd2 g5 22. Be3 Rb8 23. b3 Bg6 24. Nc4 Bf7 25. Nd2 Bd5 26. f3 exf3 27. Nxf3 Kf7
28. Kf2 Kg6 29. g4 h5 30. gxh5+ Kxh5 31. Rg1 Bxf3 32. Kxf3 Rd5 33. h4 Bh6 34.
hxg5 fxg5 35. Rg4 Rf8+ 36. Kg3 e5 37. Rh1+ Kg6 38. Re4 Bg7 39. dxe5 Rxe5 40.
Rxe5 Bxe5+ 41. Kg4 Rd8 42. Kf3 Kf5 43. Rg1 Bf6 44. Rf1 Rd5 45. Ke2+ Ke6 46. Rg1
Kf5 47. Rf1+ Kg6 48. b4 a6 49. a4 Bc3 50. Rb1 Kf5 51. b5 axb5 52. axb5 cxb5 53.
Rxb5 Be5 1/2-1/2

[Event "London Classic Open 2019"]
[Site "London ENG"]
[Date "2019.12.06"]
[Round "9.24"]
[White "Tanmay, Chopra"]
[Black "Zapolskis, Antanas"]
[Result "1-0"]
[BlackTitle "IM"]
[WhiteElo "2082"]
[BlackElo "2280"]
[WhiteFideId "25630946"]
[BlackFideId "12800210"]
[EventDate "2019.11.29"]

1. d4 d5 2. Nf3 Nf6 3. c4 c6 4. Qc2 a6 5. Nbd2 Nbd7 6. g3 e6 7. Bg2 Be7 8. O-O
O-O 9. e4 dxe4 10. Nxe4 Nxe4 11. Qxe4 c5 12. Rd1 cxd4 13. Nxd4 Bf6 14. Be3 Qc7
15. Rac1 Nc5 16. Qb1 e5 17. Nb5 axb5 18. cxb5 Qa5 19. Bxc5 Re8 20. b6 Bg4 21.
Re1 Bg5 22. b4 Qa6 23. b5 Qa5 24. Rc4 Be6 25. Rce4 Bf5 26. R1e2 Rac8 27. Qb4
Qxb4 28. Bxb4 Rc1+ 29. Re1 Bxe4 30. Bxe4 Rxe1+ 31. Bxe1 Re7 32. h4 Bc1 33. Bb4
Rd7 34. Bc6 Rd4 35. Bc3 Rd1+ 36. Kg2 Ba3 37. Bxb7 Bd6 38. a4 Rc1 39. a5 Bc5 40.
Bxe5 Rc2 41. Be4 Rxf2+ 42. Kh3 1-0

[Event "London Classic Open 2019"]
[Site "London ENG"]
[Date "2019.12.06"]
[Round "9.27"]
[White "Yoon, Jacob D"]
[Black "Berry, Neil"]
[Result "0-1"]
[BlackTitle "FM"]
[WhiteElo "2037"]
[BlackElo "2250"]
[WhiteFideId "446076"]
[BlackFideId "2400650"]
[EventDate "2019.11.29"]

1. d4 Nf6 2. Nc3 d5 3. Bg5 h6 4. Bh4 e6 5. e3 Be7 6. Nf3 O-O 7. Be2 c5 8. O-O b6
9. Ne5 Bb7 10. f4 Nc6 11. Bf3 cxd4 12. Nxc6 Bxc6 13. exd4 Rc8 14. Kh1 b5 15. a3
a5 16. Qe1 Qb6 17. Ne2 b4 18. a4 Bb7 19. c3 Ba6 20. cxb4 Bxb4 21. Qf2 Ne4 22.
Bxe4 dxe4 23. Qe3 Rc2 24. Rf2 Rxb2 25. Qxe4 Rc8 26. Ng1 Bb7 27. Qd3 Rc3 28. Qd1
Bd6 29. Rxb2 Qxb2 30. Ne2 Be4 31. Rb1 Bxb1 32. Nxc3 Bc2 33. Qd2 Bxf4 34. Qe1 Bd6
35. Qd2 Bf4 36. Qe1 Bd3 37. Nd1 Qc2 38. Nf2 Bc4 39. Qd1 Qxd1+ 40. Nxd1 Bb3 41.
Nc3 Bd2 42. Ne4 Be3 43. Bd8 Bxd4 44. Bxa5 Bxa4 45. h3 f5 46. Nd6 g5 47. Nb7 Kf7
48. Bb4 e5 49. Nc5 Bc6 50. Nb3 Bf2 51. Bc5 Bxc5 52. Nxc5 Ke7 53. Kg1 Kd6 54. Nb3
f4 55. Kf2 Kd5 56. Na5 Ba8 57. Nb3 Kc4 58. Nd2+ Kd3 59. Nb3 e4 60. Nc5+ Kd2 61.
Ne6 e3+ 0-1

[Event "London Classic Open 2019"]
[Site "London ENG"]
[Date "2019.12.06"]
[Round "9.30"]
[White "McClement, Andrew"]
[Black "Seymour, Timothy P"]
[Result "1-0"]
[WhiteElo "2226"]
[BlackElo "2107"]
[WhiteFideId "2400480"]
[BlackFideId "412112"]
[EventDate "2019.11.29"]

1. e4 e5 2. Nf3 Nc6 3. Bb5 a6 4. Ba4 b5 5. Bb3 g6 6. d4 exd4 7. Nxd4 Na5 8. O-O
Bg7 9. c3 Nxb3 10. axb3 Bb7 11. Re1 Ne7 12. Bg5 h6 13. Bh4 g5 14. Bg3 O-O 15. h4
f5 16. hxg5 f4 17. Bh4 Ng6 18. gxh6 Nxh4 19. hxg7 Rf7 20. Nf3 Rxg7 21. Nxh4 Qxh4
22. Nd2 Re8 23. Qf3 Re5 24. c4 b4 25. Rad1 d6 26. Nf1 Rh5 27. g3 Bc8 28. Rd5 Rh6
29. e5 Rhg6 30. Re4 Bg4 31. Qxf4 Qh5 32. exd6 1-0

[Event "London Classic Open 2019"]
[Site "London ENG"]
[Date "2019.12.06"]
[Round "9.34"]
[White "Millward, Kevin P"]
[Black "Brozel, Sacha"]
[Result "0-1"]
[WhiteElo "1967"]
[BlackElo "2188"]
[WhiteFideId "404721"]
[BlackFideId "429317"]
[EventDate "2019.11.29"]

1. d4 Nf6 2. Nf3 e6 3. Bf4 b6 4. e3 Bb7 5. Bd3 Be7 6. h3 c5 7. O-O O-O 8. Nbd2
d6 9. Bh2 cxd4 10. exd4 Nbd7 11. Re1 Qc7 12. c3 Rfe8 13. Ng5 Bf8 14. Nge4 Nxe4
15. Bxe4 Nf6 16. Bf3 b5 17. a4 a6 18. Qe2 Qb6 19. axb5 axb5 20. Bxb7 Qxb7 21. c4
bxc4 22. Nxc4 Red8 23. Rxa8 Qxa8 24. Bf4 h6 25. f3 Nd5 26. Bd2 Qa7 27. Bc3 Rc8
28. Qd3 Qa6 29. Ne5 Qxd3 30. Nxd3 Nxc3 31. bxc3 Rxc3 32. Rd1 d5 33. Rd2 f6 34.
g4 Kf7 35. Kf2 Bd6 36. Ne1 Rc4 37. Ng2 Rxd4 38. Ra2 Rc4 39. h4 g5 40. h5 Bc5+
41. Ke2 Rc3 42. Rb2 e5 43. Rb7+ Ke6 44. Ne1 Re3+ 45. Kd2 Ra3 46. Nd3 Bd4 47. Rb8
Ra2+ 48. Kd1 Ra7 49. Re8+ Kd6 50. Rd8+ Rd7 51. Re8 Bb6 52. Rh8 e4 53. Rxh6 exd3
54. Rxf6+ Kc5 55. Kd2 Bd8 56. Ra6 Rf7 57. Kxd3 Rxf3+ 58. Ke2 Rg3 59. Ra4 d4 60.
Ra8 Be7 61. Ra5+ Kc4 62. Ra7 d3+ 63. Kf1 Bc5 64. Ra4+ 0-1

[Event "London Classic Open 2019"]
[Site "London ENG"]
[Date "2019.12.06"]
[Round "9.35"]
[White "Rocco, Federico"]
[Black "Wilks, Simon"]
[Result "0-1"]
[WhiteElo "2207"]
[BlackElo "2071"]
[WhiteFideId "431362"]
[BlackFideId "427357"]
[EventDate "2019.11.29"]

1. e4 e6 2. d4 d5 3. Nc3 Nf6 4. Bg5 Bb4 5. e5 h6 6. Bd2 Bxc3 7. bxc3 Ne4 8. Qg4
Kf8 9. Bd3 Nxd2 10. Kxd2 c5 11. h4 c4 12. Bf1 b5 13. Rh3 Nc6 14. Ne2 Ne7 15. Rf3
Nf5 16. Nf4 Rg8 17. h5 Ke8 18. Nh3 Qh4 19. Qxh4 Nxh4 20. Rf4 Nf5 21. g4 Ne7 22.
Be2 Bd7 23. Rg1 a5 24. a3 Rb8 25. g5 Nf5 26. Bg4 hxg5 27. Nxg5 Nh6 28. Rg3 Ke7
29. Bh3 Rh8 30. Nf3 Rhg8 31. Nh4 Rbf8 32. Rg1 Rb8 33. Rf3 Rb6 34. Rfg3 Kf8 35.
f4 Ra6 36. Rg5 Rb6 37. Rf1 Ke7 38. Rfg1 Kf8 39. Ke3 Ra6 40. f5 exf5 41. Nxf5
Nxf5+ 42. Bxf5 Bxf5 43. Rxf5 Ke7 44. Rfg5 Rh6 45. R1g4 Ke6 46. Kf4 Rgh8 47. Kg3
Rxh5 48. Rxh5 Rxh5 49. Rxg7 Rh1 50. Kf4 Rh2 51. Rg8 Rf2+ 52. Ke3 Rxc2 53. Rb8
Rxc3+ 54. Kf4 Rxa3 55. Rb6+ Ke7 56. Rxb5 Ke6 57. Rb6+ Ke7 58. Rb5 c3 59. Rxd5
Ra4 60. Rc5 Rxd4+ 61. Ke3 Rh4 62. Rxa5 Rc4 63. Ra1 c2 64. Rc1 Ke6 65. Kd3 Rc6
66. Kd4 Rc7 67. Ke4 Rc4+ 68. Kd3 Kd5 0-1

[Event "London Classic Open 2019"]
[Site "London ENG"]
[Date "2019.12.06"]
[Round "9.36"]
[White "Ethelontis, Alexandros N"]
[Black "Eche, Sylvain"]
[Result "1-0"]
[WhiteElo "2139"]
[BlackElo "2054"]
[WhiteFideId "405469"]
[BlackFideId "627194"]
[EventDate "2019.11.29"]

1. c4 g6 2. Nc3 Bg7 3. g3 c5 4. Bg2 Nc6 5. a3 e6 6. Rb1 a5 7. Nb5 d6 8. e4 Nge7
9. Ne2 Nd4 10. Nexd4 cxd4 11. d3 Nc6 12. O-O O-O 13. f4 Qe7 14. b3 Bd7 15. Bb2
f5 16. exf5 Rxf5 17. Qe2 e5 18. Rbe1 Re8 19. Qf3 Be6 20. Bh3 Rf6 21. Bxe6+ Rxe6
22. Qd5 Kh8 23. f5 gxf5 24. Rxf5 e4 25. Nxd4 Nxd4 26. Bxd4 e3 27. Re2 Qc7 28.
Rg5 Bf6 29. Rxe3 Qf7 30. Rxe6 Rxe6 31. Rf5 Qe7 32. Rxf6 Rxf6 33. Qe4 Qf7 34. Qf5
Kg7 35. Qxf6+ Qxf6 36. Bxf6+ Kxf6 37. Kf2 Ke5 38. Ke3 1-0

[Event "London Classic Open 2019"]
[Site "London ENG"]
[Date "2019.12.06"]
[Round "9.39"]
[White "Sedykh, Mikhail"]
[Black "Deaconu, Mihai-Ionut"]
[Result "0-1"]
[WhiteElo "2134"]
[BlackElo "1957"]
[WhiteFideId "447498"]
[BlackFideId "1224395"]
[EventDate "2019.11.29"]

1. d4 Nf6 2. c4 g6 3. Nc3 Bg7 4. e4 d6 5. Nf3 O-O 6. Be2 e5 7. O-O Nc6 8. d5 Ne7
9. b4 Nh5 10. Re1 f5 11. Ng5 Nf6 12. f3 c6 13. Be3 a5 14. Na4 axb4 15. c5 cxd5
16. cxd6 Nc6 17. Nb6 Ra5 18. Nxd5 Nxd5 19. Bc4 f4 20. exd5 Nd4 21. Ne6 Qxd6 22.
Bxd4 exd4 23. Nxf8 Kxf8 24. Qe2 Bd7 25. Rab1 Ra3 26. Bb3 Ra8 27. Rbc1 Re8 28.
Qd2 Re3 29. Rc4 Qe7 30. Rd1 b5 31. Rc7 Be5 32. Ra7 d3 33. Ra8+ Kg7 34. Rg8+ Kh6
35. g3 Bh3 36. Kh1 Bc3 37. Qf2 d2 38. Rg1 Re1 39. gxf4 Rxg1+ 40. Qxg1 Qe1 41. d6
Bd4 0-1

[Event "London Classic Open 2019"]
[Site "London ENG"]
[Date "2019.12.06"]
[Round "9.40"]
[White "Flear, Christine"]
[Black "Willmoth, Robert F"]
[Result "1-0"]
[WhiteTitle "WIM"]
[BlackTitle "CM"]
[WhiteElo "2035"]
[BlackElo "2108"]
[WhiteFideId "602604"]
[BlackFideId "402540"]
[EventDate "2019.11.29"]

1. d4 Nf6 2. c4 d6 3. Nc3 Nbd7 4. Nf3 e5 5. g3 Be7 6. Bg2 O-O 7. O-O c6 8. e4 a6
9. a4 a5 10. h3 Re8 11. d5 Nc5 12. Re1 Qb6 13. Ra3 Bd7 14. Be3 h6 15. Nd2 Qc7
16. Bxc5 dxc5 17. Nf1 Bd6 18. Ne3 g6 19. Ra2 Rad8 20. b3 Bc8 21. Rd2 Nh7 22. Kh2
Rf8 23. Qe2 Be7 24. h4 h5 25. Red1 Bf6 26. Nc2 Bg7 27. Qe3 b6 28. dxc6 Nf6 29.
f3 Rxd2 30. Qxd2 Qxc6 31. Qd6 Qb7 32. Ne3 Ne8 33. Qd5 Qb8 34. Qc6 Nc7 35. Ned5
Na8 36. Ne7+ Kh7 37. Nxc8 Rxc8 38. Qd7 Rc7 39. Qd8 Rc8 40. Qe7 Rc7 41. Rd8 Rxe7
42. Rxb8 Nc7 43. Bh3 Ne6 44. Nd5 Ra7 45. Rxb6 Nd4 46. Kg2 f5 47. exf5 gxf5 48.
Kf2 e4 49. fxe4 fxe4 50. Ke3 Rf7 51. Nf4 Bh6 52. Kxe4 Bxf4 53. gxf4 Re7+ 54. Kd5
Re3 55. Bd7 Nxb3 56. Bf5+ Kg7 57. Bg6 Nd4 58. Bxh5 Rh3 59. Kxc5 Nb3+ 60. Kd5
Rd3+ 61. Ke5 Re3+ 62. Kf5 Nd4+ 63. Kg4 Re1 64. Kg3 Nf5+ 65. Kf2 Re4 66. Bg6
Rxf4+ 67. Ke2 Nxh4 68. Bd3 Kf7 69. Ra6 Ng2 70. Rxa5 Rf6 71. Rf5 Rxf5 72. Bxf5
Nh4 73. Be4 1-0

[Event "London Classic Open 2019"]
[Site "London ENG"]
[Date "2019.12.06"]
[Round "9.43"]
[White "Saidmurodov, Shahjahon"]
[Black "Marzano, Carlo"]
[Result "0-1"]
[WhiteElo "1782"]
[BlackElo "2128"]
[WhiteFideId "448150"]
[BlackFideId "802980"]
[EventDate "2019.11.29"]

1. d4 d5 2. c4 dxc4 3. e3 Nf6 4. Bxc4 e6 5. Nf3 a6 6. a4 b6 7. Nc3 Bb7 8. O-O
Nbd7 9. Qe2 Bb4 10. Ne5 O-O 11. f4 c5 12. f5 exf5 13. Rxf5 Nxe5 14. dxe5 Ne4 15.
Qc2 Bxc3 16. bxc3 Ng5 17. Rf4 Ne6 18. Rg4 Qd7 19. Rb1 b5 20. axb5 axb5 21. Bxb5
Bc6 22. Bd3 h6 23. Bf5 Rfd8 24. e4 Qd1+ 25. Qxd1 Rxd1+ 26. Kf2 h5 27. Rg3 c4 28.
Ke2 Rh1 29. Rb6 Rxc1 30. Bxe6 Ra2+ 31. Ke3 Re1+ 32. Kd4 Rxe4+ 33. Kc5 Rxe5+ 34.
Kxc6 Rxe6+ 35. Kc5 Ra5+ 36. Kb4 Rxb6+ 37. Kxa5 Rb3 38. h3 g6 39. Rf3 Kg7 40. g3
f6 41. Ka4 f5 42. g4 hxg4 43. hxg4 fxg4 44. Rg3 Kf6 45. Rxg4 Rxc3 46. Kb4 Rc1
47. Rxc4 Rxc4+ 48. Kxc4 Kf5 49. Kd3 Kg4 50. Ke2 Kg3 51. Kf1 g5 52. Kg1 g4 53.
Kh1 Kf2 54. Kh2 g3+ 55. Kh3 g2 0-1

[Event "London Classic Open 2019"]
[Site "London ENG"]
[Date "2019.12.06"]
[Round "9.56"]
[White "Gilmore, Samuel"]
[Black "Taylor, William J"]
[Result "0-1"]
[WhiteElo "1757"]
[BlackElo "1993"]
[WhiteFideId "448354"]
[BlackFideId "423130"]
[EventDate "2019.11.29"]

1. d4 Nf6 2. c4 g6 3. Nf3 Bg7 4. g3 O-O 5. Bg2 d6 6. O-O Nc6 7. Nc3 a6 8. Re1
Rb8 9. Rb1 b5 10. cxb5 axb5 11. b4 Bd7 12. e4 e5 13. d5 Nd4 14. Nxd4 exd4 15.
Ne2 Ng4 16. h3 Ne5 17. Nxd4 Nc4 18. Re2 Re8 19. Nb3 Ra8 20. Qc2 f5 21. f3 Qb8
22. Qd3 Ra4 23. Nd2 Qb6+ 24. Kh2 Rea8 25. Nxc4 bxc4 26. Qc2 Rxb4 27. Be3 Qb5 28.
Ree1 Rb8 29. Rxb4 Qxb4 30. Rc1 c3 31. Bf1 Qa3 32. Rb1 Rb2 33. Rxb2 cxb2 34. Bd3
Qxa2 35. Qb1 Qb3 36. Qc2 Qb7 37. g4 fxg4 38. hxg4 h6 39. Qd1 Qb4 40. Bb1 Ba4 41.
Qd2 Bc3 42. Qf2 Bg7 43. Qd2 Qa3 44. Bxh6 Qxf3 45. Bxg7 Kxg7 46. Qxb2+ Kh6 47.
Qc1+ g5 48. Qxc7 Qf2+ 49. Kh3 Qh4+ 50. Kg2 Qxg4+ 51. Kf2 Qf4+ 52. Kg2 Qd2+ 53.
Kh3 Qe3+ 54. Kg2 Qe2+ 55. Kg3 Qe1+ 56. Kg4 Qg1+ 57. Kf5 Qf1+ 58. Ke6 Qxb1 59.
Qxd6 Qxe4+ 60. Kf7+ Kh5 61. Qh2+ Kg4 62. Qg1+ Kf4 63. Qh2+ Kf5 64. Qh3+ Ke5 65.
Qe6+ Kf4 66. Qd6+ Kf3 67. Qa3+ Kg4 68. Qc5 Kg3 69. d6 g4 70. Qc7 Kg2 71. Qa5 g3
72. Qd2+ Kf3 73. d7 Qf5+ 74. Kg8 Qe6+ 75. Kh8 Qxd7 76. Qc3+ Kf4 77. Qf6+ Kg4 78.
Qg6+ Kf3 79. Qf7+ Kg2 80. Qa2+ Kh3 81. Qa3 Qd4+ 82. Kg8 Bd1 83. Kh7 Qd2 84. Qe7
Qd3+ 85. Kh8 Qf3 86. Qe6+ Kh2 87. Qd6 Kh1 0-1

[Event "London Classic Open 2019"]
[Site "London ENG"]
[Date "2019.12.06"]
[Round "9.57"]
[White "Jacobs, Robert"]
[Black "Chilton, James I"]
[Result "1-0"]
[WhiteElo "1935"]
[BlackElo "1711"]
[WhiteFideId "450049"]
[BlackFideId "423009"]
[EventDate "2019.11.29"]

1. g3 d5 2. Bg2 e5 3. c4 d4 4. b4 Nf6 5. Nf3 Nbd7 6. Qb3 c5 7. O-O Bd6 8. a3 O-O
9. d3 Qe7 10. Nh4 Nb6 11. Bg5 cxb4 12. axb4 Bxb4 13. Nd2 Bc3 14. Rab1 Bd7 15.
Ne4 Ba4 16. Qa2 Bc6 17. Nf5 Qd8 18. Nxf6+ gxf6 19. Bxc6 bxc6 20. Bh6 Re8 21. e4
dxe3 22. Qe2 exf2+ 23. Rxf2 Bd2 24. Qxd2 Nd7 25. Qe2 Nf8 26. Bxf8 Kxf8 27. Qg4
Re6 28. Rb7 1-0

[Event "London Classic Open 2019"]
[Site "London ENG"]
[Date "2019.12.06"]
[Round "9.58"]
[White "Mata, Adilson"]
[Black "Grey, Nicholas D"]
[Result "1-0"]
[WhiteElo "1928"]
[BlackElo "1692"]
[WhiteFideId "1901389"]
[BlackFideId "415448"]
[EventDate "2019.11.29"]

1. e4 d6 2. d4 Nf6 3. Nc3 g6 4. Bg5 Nbd7 5. Qd2 h6 6. Bh4 c6 7. f4 Qa5 8. e5
dxe5 9. fxe5 Nd5 10. e6 N7f6 11. exf7+ Kxf7 12. Nf3 Bf5 13. Ne5+ Kg7 14. Bd3 e6
15. a3 Nxc3 16. Bxf6+ Kxf6 17. O-O Bd6 18. g4 Bxe5 19. dxe5+ Ke7 20. gxf5 gxf5
21. Qxc3 Rhg8+ 22. Kf2 Qd5 23. Rg1 Rg4 24. Rxg4 fxg4 25. Be2 Rf8+ 26. Kg1 Rf4
27. Rd1 Qe4 28. Qc5+ Ke8 29. Bd3 1-0

[Event "London Classic Open 2019"]
[Site "London ENG"]
[Date "2019.12.06"]
[Round "9.60"]
[White "Megias, Eva"]
[Black "Lohia, Sohum"]
[Result "0-1"]
[WhiteElo "1586"]
[BlackElo "1889"]
[WhiteFideId "465062"]
[BlackFideId "5819369"]
[EventDate "2019.11.29"]

1. e4 e5 2. f4 exf4 3. Nf3 Nf6 4. e5 Nh5 5. d4 d5 6. c4 Be6 7. cxd5 Bxd5 8. Nc3
Bxf3 9. Qxf3 Qh4+ 10. Kd1 c6 11. Bd2 Ng3 12. Be1 Qh6 13. Bxg3 fxg3 14. Qxg3 Be7
15. Bc4 O-O 16. Kc2 b5 17. Bb3 Na6 18. a3 b4 19. Ne4 bxa3 20. bxa3 c5 21. Bc4
cxd4 22. Bxa6 Qxa6 23. Qd3 Qa4+ 24. Kd2 Qa5+ 25. Ke2 Qxe5 26. Kf3 Rfe8 27. Rae1
Qf5+ 28. Ke2 Bh4 29. Kd2 Bxe1+ 30. Rxe1 Qf4+ 31. Kd1 Rac8 32. Nd2 Rxe1+ 33. Kxe1
Rc3 34. Qb5 Rc1+ 35. Ke2 Qe3# 0-1

[Event "London Classic Open 2019"]
[Site "London ENG"]
[Date "2019.12.06"]
[Round "9.61"]
[White "Hughes, Anthony"]
[Black "Voiculescu-Holvad, Stefan"]
[Result "1-0"]
[WhiteTitle "CM"]
[WhiteElo "1874"]
[BlackElo "1614"]
[WhiteFideId "1803093"]
[BlackFideId "20692005"]
[EventDate "2019.11.29"]

1. e4 c5 2. Nf3 e6 3. c3 d5 4. exd5 exd5 5. d4 Nc6 6. Bb5 Bd6 7. dxc5 Bxc5 8.
O-O Ne7 9. Nbd2 O-O 10. Nb3 Bb6 11. Bd3 Bf5 12. Re1 Qd6 13. Be3 Bxe3 14. Rxe3
Rad8 15. Nbd4 Bg6 16. Qd2 Qf6 17. Rae1 Nf5 18. Bxf5 Bxf5 19. Nxf5 Qxf5 20. Rd3
Rd6 21. Rd1 Rfd8 22. Nd4 Qh5 23. Rh3 Qe5 24. Re1 Qf6 25. Qd3 g6 26. Rf3 Qg7 27.
Rfe3 Nxd4 28. Re8+ Rxe8 29. Rxe8+ Qf8 30. Rxf8+ Kxf8 31. Qxd4 Re6 32. Kf1 1-0